00504 2200181 4500001002100000005001500021008004100036020002200077035002000099082001100119084001700130100002300147245006200170260003300232300002100265650002500286990001100311INLIS00000000001460820221003093730221003 g 0 ind  a978-979-769-760-0 a0010-0522000026 a658. 3 a658. 3 YUS m1 aYusuf, Burhanuddin1 aManajemen Sumber Daya Manusia di Lembaga Keuangan Syariah a2016 :bRajawali Pers,c2016 a300 hlm ;c23 cm 4aManajemen Personalia a068056